000 00628nam a2200217Ia 4500
003 OSt
005 20220926032322.0
006 a|||||r|||| 00| 0
007 ta
008 220923b |||||||| |||| 00| 0 eng d
037 _cGeneral Book
040 _aRTL
_cRTL
_beng
041 _2eng
_aeng
082 _aXxM57:g(Y), L8
100 _aDiggins John P
_9111746
245 0 _aBard of savagery
_b Thorstein Veblen and modern social theory
260 _aSussex
_bHarvester Press
_c1978
300 _axiii, 257p
_ccm.
942 _hXxM57:g(Y), L8
_cGB
_2CC
999 _c654390
_d654390